Home Print Resources E-Books E-Journals IIMT Lecture Series Library Membership Form Book Recommendation Form Campus Tour Take AdmissionAbout Us Contact Us

GALLERY OF MEDICINAL PLANTS 9DRAVYAGUNA VIGYAN) (Record no. 51898)

000 -LEADER
fixed length control field nam a22 7a 4500
003 - CONTROL NUMBER IDENTIFIER
control field OSt
005 - DATE AND TIME OF LATEST TRANSACTION
control field 20220520130653.0
008 - FIXED-LENGTH DATA ELEMENTS--GENERAL INFORMATION
fixed length control field 220520b xxu||||| |||| 00| 0 eng d
040 ## - CATALOGING SOURCE
Transcribing agency IIMT UNIVERSITY MEERUT
100 ## - MAIN ENTRY--PERSONAL NAME
Personal name SHARMA , MONIKA
245 ## - TITLE STATEMENT
Title GALLERY OF MEDICINAL PLANTS 9DRAVYAGUNA VIGYAN)
250 ## - EDITION STATEMENT
Edition statement 1ST
260 ## - PUBLICATION, DISTRIBUTION, ETC.
Place of publication, distribution, etc. NOIDA
Name of publisher, distributor, etc. THIEME
Date of publication, distribution, etc. 18-05-2022
300 ## - PHYSICAL DESCRIPTION
Extent 972
942 ## - ADDED ENTRY ELEMENTS (KOHA)
Source of classification or shelving scheme
Koha item type Text-Book- for 7 days
Holdings
Withdrawn status Lost status Source of classification or shelving scheme Damaged status Not for loan Home library Current library Date acquired Source of acquisition Coded location qualifier Cost, normal purchase price Inventory number Total Checkouts Full call number Barcode Date last seen Price effective from Koha item type Date last checked out
          IIMT Ayurveda Medical College and Hospital(0669) IIMT Ayurveda Medical College and Hospital(0669) 05/18/2022 THIEME AYURVEDA 2495.00 133   610 SHA 30-B-3229 05/20/2022 05/20/2022 Text-Book- for 7 days  
          IIMT Ayurveda Medical College and Hospital(0669) IIMT Ayurveda Medical College and Hospital(0669) 05/18/2022 THIEME AYURVEDA 2495.00 133   610 SHA 30-B-3230 05/20/2022 05/20/2022 Text-Book- for 7 days  
          IIMT Ayurveda Medical College and Hospital(0669) IIMT Ayurveda Medical College and Hospital(0669) 05/18/2022 THIEME AYURVEDA 2495.00 133   610 SHA 30-B-3231 05/20/2022 05/20/2022 Text-Book- for 7 days  
          IIMT Ayurveda Medical College and Hospital(0669) IIMT Ayurveda Medical College and Hospital(0669) 05/18/2022 THIEME AYURVEDA 2495.00 133   610 SHA 30-B-3232 05/20/2022 05/20/2022 Text-Book- for 7 days  
          IIMT Ayurveda Medical College and Hospital(0669) IIMT Ayurveda Medical College and Hospital(0669) 05/18/2022 THIEME AYURVEDA 2495.00 133 6 610 SHA 30-B-3233 03/17/2025 05/20/2022 Text-Book- for 7 days 03/17/2025
IIMT, Central Library. All Rights Reserved IIMT,UNIVERSITY © 2023
Implemented and Customised by I CLOUDE EMS
You Are OPAC Visitor No
free web counter

Powered by Koha